[Event "IRI-ch U12 Girls"]
[Site "Chess.com INT"]
[Date "2021.01.16"]
[Round "9"]
[White "Rezaei, Yekta"]
[Black "Amoozad Mahdiraji, Sana"]
[Result "1-0"]
[WhiteElo "1193"]
[BlackElo "1475"]
[PlyCount "109"]
[EventDate "2021.01.16"]
[EventType "swiss"]
[EventRounds "9"]
[EventCountry "IRI"]
[SourceTitle "EXT 2022"]
[Source "ChessBase"]
[SourceDate "2021.10.06"]
[SourceVersion "1"]
[SourceVersionDate "2021.10.06"]
[SourceQuality "1"]

1. e4 e6 2. d4 d5 3. e5 c5 4. c3 Nc6 5. Nf3 Qb6 6. a3 c4 7. Nbd2 Bd7 8. g4 Nge7 9. h4 Na5 10. Bh3 Ng6 11. 0-0 Nf4 12. Bg2 Nxg2 13. Kxg2 Be7 14. h5 0-0-0 15. Rb1 f6 16. b3 Qc7 17. bxc4 dxc4 18. Ne4 fxe5 19. Nxe5 Rdf8 20. Kg3 Bd6 21. Bf4 Rxf4 22. Nxd6+ Qxd6 23. Kxf4 Rf8+ 24. Ke3 Qxa3 25. Qc2 Nc6 26. Qb2 Qa6 27. Ra1 Na5 28. Qa3 Rf6 29. Qxa5 Qd6 30. Qc5+ Qxc5 31. dxc5 a6 32. Nxc4 Bc6 33. Nd6+ Kd7 34. f4 b6 35. Rfd1 Kc7 36. cxb6+ Kxb6 37. Nc4+ Kb7 38. Na5+ Kc7 39. Nxc6 Kxc6 40. Rxa6+ Kc5 41. f5 exf5 42. Rxf6 gxf6 43. gxf5 Kc4 44. Kd2 Kd5 45. Re1 Kc5 46. Kd3 Kd6 47. Kd4 Kd7 48. Kd5 Kd8 49. Kd6 Kc8 50. c4 Kd8 51. c5 Kc8 52. c6 Kd8 53. c7+ Kc8 54. Kc6 h6 55. Re8# 1-0